| 000 | 01917cam a22004454i 4500 | ||
|---|---|---|---|
| 003 | PE-LiUPU | ||
| 005 | 20250731173033.0 | ||
| 008 | 150623s r 000 0 d | ||
| 020 | _a1564766330 | ||
| 035 | _a(Sirsi) i9781564766335 | ||
| 040 |
_aPE-LiUPU _bspa _cPE-LiUPU _erda |
||
| 049 | _aPRUA | ||
| 082 | 0 | 4 |
_a248.86 _bD94 _221 |
| 100 | 1 |
_aDoud, Guy Rice, _eautor. |
|
| 245 | 1 | 0 |
_aLiving beyond regrets : _bYou can't change your circumstances, but God can change you! / _cGuy Rice Doud. |
| 264 | 1 |
_aColorado Springs, CO : _bChariot Victor Publishing, _c1997. |
|
| 300 |
_a207 páginas ; _c22 centímetros |
||
| 336 |
_atext _2rdacontent |
||
| 337 |
_aunmediated _2rdamedia |
||
| 338 |
_avolume _2rdacarrier |
||
| 505 | 0 | _aIts over. -God, I can't do it without you. -And Jesus Still Loves me. -If I could turn back the clock. -failes, but not a failure. -No fear. -And the walls came a tumblin' down. -Choosing to rebuild. -Come to the well. -The source of much regret. -Regrets and depression: an inventory. -Regrets and depression: further inventory. -Never all alone. -Come out of the cave. -Getting in touch with anger and letting go. -A whole new way of thinking. Kodak moments. -Looking forward to what lies ahead. | |
| 526 | _aSEG42 | ||
| 526 | _aSEG41 | ||
| 526 | _aSEG40 | ||
| 526 | _aSEG39 | ||
| 526 | _aP94 | ||
| 526 | _aP87 | ||
| 526 | _aP86 | ||
| 526 | _aP85 | ||
| 526 | _aP77 | ||
| 526 | _aP76 | ||
| 526 | _aP35 | ||
| 650 | 0 | 4 |
_aAflicción _xCristianismo. |
| 942 |
_2ddc _cBOOK |
||
| 949 |
_a248.86 D94 _wDEWEY _c1 _i48216 _lCCODEBUL1 _mBUL _r0 _sY _tBOOK _u2015-6-24 _xTEOLOGIA _PP35 _0COMPRA _o.STAFF. Colección General |
||
| 994 |
_aC0 _bPEPRU |
||
| 596 | _a1 | ||
| 999 |
_a248.86 D94 _wDEWEY _c25189 _i48216 _f2021-11-10 _g5 _lCCODEBUL1 _mBUL _r0 _sY _tBOOK _u2015-6-24 _xTEOLOGIA _PP35 _0COMPRA _o.STAFF. Colección General _d25189 |
||
| 980 |
_81 _gALBERTO SANCHEZ Responsable de Automatización |
||